Quantitative forecasting methods /
Salvato in:
| Autore principale: | |
|---|---|
| Altri autori: | |
| Natura: | Libro |
| Pubblicazione: |
Boston :
PWS-Kent Pub. Co.,
c1989.
|
| Serie: | The Duxbury series in statistics and decision sciences
|
| Soggetti: | |
| Tags: |
Aggiungi Tag
Nessun Tag, puoi essere il primo ad aggiungerne!!
|
MARC
| LEADER | 00000pam a2200000 a 4500 | ||
|---|---|---|---|
| 020 | |a 0534916864 |c TZS 52,220.60 | ||
| 040 | |a MUL |b eng |e AACR | ||
| 082 | 0 | 0 | |a 519.54 FAR |
| 100 | 1 | |a Farnum, Nicholas R. | |
| 245 | 1 | 0 | |a Quantitative forecasting methods / |c Nicholas R. Farnum, LaVerne W. Stanton. |
| 260 | |a Boston : |b PWS-Kent Pub. Co., |c c1989. | ||
| 300 | |a xvi, 573 p. : |b ill. ; |c 25 cm. | ||
| 440 | 4 | |a The Duxbury series in statistics and decision sciences | |
| 504 | |a Includes bibliographies and index. | ||
| 546 | |a eng | ||
| 650 | 0 | |a Prediction theory. | |
| 650 | 0 | |a Regression analysis. | |
| 650 | 0 | |a Time-series analysis. | |
| 700 | 1 | |a Stanton, LaVerne W. | |
| 942 | |c BK | ||
| 999 | |c 3394 |d 3394 | ||